Central Library OPAC University of Rajshahi

Sherlock Holmes : (Record no. 20062)

MARC details
000 -LEADER
fixed length control field 00648nam a2200205 a 4500
001 - CONTROL NUMBER
control field 20062
003 - CONTROL NUMBER IDENTIFIER
rucl marc code BD-RjUL
005 - DATE AND TIME OF LATEST TRANSACTION
control field 20211209000521.0
008 - FIXED-LENGTH DATA ELEMENTS--GENERAL INFORMATION
fixed length control field 140226r19541951enka 000 1 eng d
035 ## - SYSTEM CONTROL NUMBER
System control number (BD-RjUL)20124
040 ## - CATALOGING SOURCE
Original cataloging agency DLC
Language of cataloging eng
Transcribing agency DLC
Modifying agency BD-RjUL
041 ## - LANGUAGE CODE
Language code of text/sound track or separate title eng
082 00 - DEWEY DECIMAL CLASSIFICATION NUMBER
Classification number 823.912
Edition number 19
Author mark and year DOS 1954
100 1# - MAIN ENTRY--PERSONAL NAME
Personal name Doyle, Arthur Conan,
Dates associated with a name 1859-1930.
9 (RLIN) 61768
245 10 - TITLE STATEMENT
Title Sherlock Holmes :
Remainder of title selected stories /
Statement of responsibility, etc. by Sir Arthur Conan Doyle
260 ## - PUBLICATION, DISTRIBUTION, ETC. (IMPRINT)
Place of publication, distribution, etc. London :
Name of publisher, distributor, etc. Oxford university Press,
Date of publication, distribution, etc. 1951 [reprinted 1954].
300 ## - PHYSICAL DESCRIPTION
Pagination xxiii, 435 p ;
Size 22 cm.
650 1# - SUBJECT ADDED ENTRY--TOPICAL TERM
Topical term or geographic name as entry element Holmes, Sherlock -- Juvenile fiction.
9 (RLIN) 61769
942 ## - ADDED ENTRY ELEMENTS (KOHA)
Source of classification or shelving scheme Dewey Decimal Classification
Koha item type Books
Holdings
Lost status Source of classification or shelving scheme Damaged status Not for loan Collection code Permanent Location Current Location Shelving location Date acquired Source of acquisition Cost, normal purchase price Total Checkouts Full call number Date last seen Copy number Koha item type
  Dewey Decimal Classification     Fiction Central Library, University of Rajshahi Central Library, University of Rajshahi   26/07/1955 O.U.P. 3.00   823.912 DOS 1954 26/02/2014 C-2 Books
  Dewey Decimal Classification   Not For Loan Fiction Central Library, University of Rajshahi Central Library, University of Rajshahi Reading Room 26/07/1955 O U P 3.00   823.912 DOS 1954 21/01/2024 C-1 Books